<?xml version="1.0" encoding="UTF-8"?><?xml-stylesheet type="text/xsl" href="static/style.xsl"?><OAI-PMH xmlns="http://www.openarchives.org/OAI/2.0/" xmlns:xsi="http://www.w3.org/2001/XMLSchema-instance" xsi:schemaLocation="http://www.openarchives.org/OAI/2.0/ http://www.openarchives.org/OAI/2.0/OAI-PMH.xsd"><responseDate>2026-05-17T00:18:27Z</responseDate><request verb="GetRecord" identifier="oai:repisalud.isciii.es:20.500.12105/23319" metadataPrefix="marc">https://repisalud.isciii.es/rest/oai/request</request><GetRecord><record><header><identifier>oai:repisalud.isciii.es:20.500.12105/23319</identifier><datestamp>2024-11-28T20:02:13Z</datestamp><setSpec>com_20.500.12105_15322</setSpec><setSpec>com_20.500.12105_2051</setSpec><setSpec>col_20.500.12105_16967</setSpec></header><metadata><record xmlns="http://www.loc.gov/MARC21/slim" xmlns:dcterms="http://purl.org/dc/terms/" xmlns:doc="http://www.lyncode.com/xoai" xmlns:xsi="http://www.w3.org/2001/XMLSchema-instance" xsi:schemaLocation="http://www.loc.gov/MARC21/slim http://www.loc.gov/standards/marcxml/schema/MARC21slim.xsd">
   <leader>00925njm 22002777a 4500</leader>
   <datafield ind2=" " ind1=" " tag="042">
      <subfield code="a">dc</subfield>
   </datafield>
   <datafield ind2=" " ind1=" " tag="720">
      <subfield code="a">Galvez-Pol, Alejandro</subfield>
      <subfield code="e">author</subfield>
   </datafield>
   <datafield ind2=" " ind1=" " tag="720">
      <subfield code="a">Nadal, Marcos</subfield>
      <subfield code="e">author</subfield>
   </datafield>
   <datafield ind2=" " ind1=" " tag="720">
      <subfield code="a">Kilner, James</subfield>
      <subfield code="e">author</subfield>
   </datafield>
   <datafield ind2=" " ind1=" " tag="260">
      <subfield code="c">2021-08-09</subfield>
   </datafield>
   <datafield ind2=" " ind1=" " tag="520">
      <subfield code="a">Most research on people's representation of space has focused on spatial appraisal and navigation. But there is more to space besides navigation and assessment: people have different emotional experiences at different places, which create emotionally tinged representations of space. Little is known about the emotional representation of space and the factors that shape it. The purpose of this study was to develop a graphic methodology to study the emotional representation of space and some of the environmental features (non-natural vs. natural) and personal features (affective state and interoceptive sensibility) that modulate it. We gave participants blank maps of the region where they lived and asked them to apply shade where they had happy/sad memories, and where they wanted to go after Covid-19 lockdown. Participants also completed self-reports on affective state and interoceptive sensibility. By adapting methods for analyzing neuroimaging data, we examined shaded pixels to quantify where and how strong emotions are represented in space. The results revealed that happy memories were consistently associated with similar spatial locations. Yet, this mapping response varied as a function of participants' affective state and interoceptive sensibility. Certain regions were associated with happier memories in participants whose affective state was more positive and interoceptive sensibility was higher. The maps of happy memories, desired locations to visit after lockdown, and regions where participants recalled happier memories as a function of positive affect and interoceptive sensibility overlayed significantly with natural environments. These results suggest that people's emotional representations of their environment are shaped by the naturalness of places, and by their affective state and interoceptive sensibility.</subfield>
   </datafield>
   <datafield ind1="8" ind2=" " tag="024">
      <subfield code="a">Galvez-Pol A, Nadal M, Kilner J. Emotional representations of space vary as a function of peoples' affect and interoceptive sensibility. Sci Rep. 2021 Aug 9;11(1):16150.</subfield>
   </datafield>
   <datafield ind1="8" ind2=" " tag="024">
      <subfield code="a">10.1038/s41598-021-95081-9</subfield>
   </datafield>
   <datafield ind1="8" ind2=" " tag="024">
      <subfield code="a">2045-2322</subfield>
   </datafield>
   <datafield ind1="8" ind2=" " tag="024">
      <subfield code="a">Scientific Reports</subfield>
   </datafield>
   <datafield ind1="8" ind2=" " tag="024">
      <subfield code="a">https://hdl.handle.net/20.500.13003/19571</subfield>
   </datafield>
   <datafield ind1="8" ind2=" " tag="024">
      <subfield code="a">34373488</subfield>
   </datafield>
   <datafield ind1="8" ind2=" " tag="024">
      <subfield code="a">L635861473</subfield>
   </datafield>
   <datafield ind1="8" ind2=" " tag="024">
      <subfield code="a">2-s2.0-85112034086</subfield>
   </datafield>
   <datafield ind1="8" ind2=" " tag="024">
      <subfield code="a">https://hdl.handle.net/20.500.12105/23319</subfield>
   </datafield>
   <datafield ind1="8" ind2=" " tag="024">
      <subfield code="a">683506200061</subfield>
   </datafield>
   <datafield ind2="0" ind1="0" tag="245">
      <subfield code="a">Emotional representations of space vary as a function of peoples' affect and interoceptive sensibility</subfield>
   </datafield>
</record></metadata></record></GetRecord></OAI-PMH>